00511nam a22001691a 45000010005000000030004000050050017000090080041000260500016000671000022000832450108001052640024002133000010002374900045002475000020002926500029003124066OSt20260204211914.0050616s1971||||dr ||||||b||||||||||spa|| aRD 174 A33p aAvelino, Andrés aLos problemas antinómicos de la esencia de lo ético (Filiosofía de lo ético) / Andrés Avelino aSanto Domingo: UASD a188 p aObras completa de Andrés Avelina No. 2 aIncluye indice. a1.Etica - FilosofíaÌ